Welcome to CU Library Online Public Access Catalogue (OPAC)

Long live the dead! : (Record no. 6009)

MARC details
000 -LEADER
fixed length control field 00640cam a2200193 a 4500
001 - CONTROL NUMBER
control field 12904838
005 - DATE AND TIME OF LATEST TRANSACTION
control field 20250528152228.0
008 - FIXED-LENGTH DATA ELEMENTS--GENERAL INFORMATION
fixed length control field 020723s2001 ne a b 000 0 eng d
020 ## - INTERNATIONAL STANDARD BOOK NUMBER
International Standard Book Number 9052600031
050 00 - LIBRARY OF CONGRESS CALL NUMBER
Classification number GT3289.G47
Item number D4 2001
082 00 - DEWEY DECIMAL CLASSIFICATION NUMBER
Classification number 393/.9
Edition information 21
100 1# - MAIN ENTRY--PERSONAL NAME
Personal name Witte, Marleen de.
245 10 - TITLE STATEMENT
Title Long live the dead! :
Remainder of title changing funeral celebrations in Asante, Ghana /
Statement of responsibility, etc. Marleen De Witte.
260 ## - PUBLICATION, DISTRIBUTION, ETC.
Place of publication, distribution, etc. Amsterdam :
Name of publisher, distributor, etc. Aksant Academic Publishers,
Date of publication, distribution, etc. 2001.
300 ## - PHYSICAL DESCRIPTION
Extent x, 213 p. :
Other physical details ill. ;
Dimensions 23 cm.
650 #0 - SUBJECT ADDED ENTRY--TOPICAL TERM
Topical term or geographic name entry element Funeral rites and ceremonies
Geographic subdivision Ghana.
650 #0 - SUBJECT ADDED ENTRY--TOPICAL TERM
Topical term or geographic name entry element Ashanti (African people)
General subdivision Rites and ceremonies.
942 ## - ADDED ENTRY ELEMENTS (KOHA)
Source of classification or shelving scheme Library of Congress Classification
Koha item type Books
Suppress in OPAC No
999 ## -
-- 6009
-- 6009
Holdings
Withdrawn status Lost status Source of classification or shelving scheme Damaged status Not for loan Collection Home library Current library Shelving location Date acquired Total checkouts Full call number Barcode Date last seen Copy number Price effective from Koha item type
    Library of Congress Classification     Non-fiction Undergraduate Library (Christ Temple) Undergraduate Library (Christ Temple) General stacks 05/28/2025   GT3289.G4 DEW ulct00002690 05/28/2025 1 05/28/2025 Books
© 2023-2024 Copyright: Central University Libraries. All Rights Reserved | Created by: Mahone Tech Office